| 000 | 00375nam a2200145 a 4500 | ||
|---|---|---|---|
| 001 | 1776331135208 | ||
| 003 | YourLibrary | ||
| 005 | 20260416145134.0 | ||
| 008 | 260416s2026##################000#0#eng## | ||
| 020 | _a9780406000217 | ||
| 082 | 0 | 4 |
_a348.42 _bALLR |
| 245 | 1 | 0 | _aError - Book not found in Google Books : |
| 942 | _cENGLISH | ||
| 040 |
_aYourLibrary _beng _cYourLibrary |
||
| 999 |
_c619524 _d619524 |
||